|
|
|
|
| LEADER |
00000nam0a2200000 4500 |
| 001 |
107856 |
| 005 |
20231031115428.0 |
| 010 |
|
|
|a 5020137766
|
| 035 |
|
|
|a (RuTPU)RU\TPU\book\116446
|
| 090 |
|
|
|a 107856
|
| 100 |
|
|
|a 20070109d1988 km y0rusy5003 ca
|
| 101 |
0 |
|
|a rus
|
| 102 |
|
|
|a RU
|
| 105 |
|
|
|a a z 001zy
|
| 200 |
1 |
|
|a Численные методы для симметричных линейных систем. Прямые методы
|f Х. Д. Икрамов
|
| 210 |
|
|
|a Москва
|c Наука
|d 1988
|
| 215 |
|
|
|a 157,[2] с.
|
| 300 |
|
|
|a Перед вып. дан. авт.: Хаким Дододжанович Икрамов
|
| 320 |
|
|
|a Библиогр.: с. 157-158 (41 назв.).
|
| 610 |
1 |
|
|a линейные уравнения
|
| 610 |
1 |
|
|a матрицы симметричные
|
| 610 |
1 |
|
|a решение
|
| 610 |
1 |
|
|a численные методы
|
| 610 |
1 |
|
|a линейные системы
|
| 610 |
1 |
|
|a симметричные системы
|
| 675 |
|
|
|a 519.612
|z rus
|
| 686 |
|
|
|a 27.41
|2 rugasnti
|
| 700 |
|
1 |
|a Икрамов
|b Х. Д.
|g Хаким Дододжанович
|4 070
|
| 801 |
|
0 |
|a RU
|b RuMRKP
|c 19950417
|g psbo
|
| 801 |
|
1 |
|a RU
|b 63413507
|c 20070109
|g PSBO
|
| 801 |
|
2 |
|a RU
|b 63413507
|c 20080917
|g PSBO
|
| 942 |
|
|
|c BK
|